Estatísticas para Lista de bairros do Rio de Janeiro

Clique aqui para jogar o quiz

Estatísticas Gerais

  • Esse quiz foi jogado 3 209 vezes
    (2 702 desde o último reset)
  • A pontuação média é 62 de 164

Estatísticas das Respostas

ZonaBairro% Correto
SulCopacabana
91%
SulBotafogo
89%
SulIpanema
88%
OesteBarra da Tijuca
85%
SulFlamengo
85%
SulLeblon
85%
NorteTijuca
83%
CentralCentro
79%
NorteJacaré
79%
SulRocinha
75%
NorteMadureira
72%
OesteBangu
70%
NorteMéier
70%
OesteRecreio dos Bandeirantes
70%
OesteJacarepaguá
68%
CentralSão Cristóvão
68%
SulLaranjeiras
66%
SulLeme
65%
OesteCampo Grande
64%
SulGávea
64%
NorteMaracanã
63%
NorteMaré
63%
CentralLapa
62%
NortePenha
62%
SulUrca
61%
SulSão Conrado
59%
SulCatete
58%
NorteComplexo do Alemão
56%
SulGlória
56%
NorteEngenho de Dentro
55%
SulJardim Botânico
55%
SulLagoa
55%
NorteVila Isabel
55%
NorteIrajá
54%
OesteSanta Cruz
54%
NortePavuna
53%
OesteRealengo
53%
SulVidigal
53%
SulHumaitá
51%
CentralSanta Teresa
50%
NorteEngenho Novo
49%
NorteOlaria
48%
NorteBonsucesso
47%
OesteCidade de Deus
47%
NorteGrajaú
47%
NorteJacarezinho
47%
NorteFreguesia
46%
OesteTaquara
45%
CentralMangueira
44%
NorteCascadura
42%
SulCosme Velho
42%
CentralEstácio
41%
OesteTanque
41%
OesteVargem Grande
41%
NorteMarechal Hermes
40%
NorteRamos
39%
OesteCuricica
38%
OesteDeodoro
38%
CentralGamboa
38%
OesteGuaratiba
38%
OestePadre Miguel
38%
OesteVargem Pequena
38%
OesteVila Valqueire
38%
CentralBenfica
37%
CentralCaju
37%
OestePraça Seca
37%
NorteVila da Penha
37%
NorteAndaraí
36%
CentralCidade Nova
36%
NorteGaleão
36%
OesteJoá
36%
NortePiedade
36%
CentralRio Comprido
36%
NorteDel Castilho
35%
NorteEngenho da Rainha
35%
NorteInhaúma
35%
CentralPaquetá
35%
NorteAlto da Boa Vista
34%
NorteCachambi
34%
NorteOswaldo Cruz
34%
CentralSanto Cristo
34%
CentralVasco da Gama
34%
NorteManguinhos
33%
NorteAcari
31%
OesteAnil
31%
OestePaciência
31%
NortePenha Circular
31%
NorteRocha
31%
CentralSaúde
31%
OesteSepetiba
31%
OesteVila Kennedy
31%
OesteVila Militar
31%
NorteAnchieta
30%
NorteCoelho Neto
30%
CentralCatumbi
29%
NorteColégio
29%
OesteCosmos
29%
OesteSantíssimo
29%
NorteAbolição
28%
OesteBarra de Guaratiba
28%
NorteGuadalupe
28%
NorteHonório Gurgel
28%
NorteParada de Lucas
28%
OestePedra de Guaratiba
28%
NorteRiachuelo
28%
NorteBento Ribeiro
27%
NorteHigienópolis
27%
NorteJardim Guanabara
27%
OesteJardim Sulacap
27%
NorteMaria da Graça
27%
NortePilares
27%
NorteVigário Geral
27%
OesteItanhangá
26%
NorteLins de Vasconcelos
26%
OestePechincha
26%
NortePraça da Bandeira
26%
NorteVaz Lobo
26%
NorteCampinho
25%
NorteCidade Universitária
25%
NorteJardim América
25%
NorteRocha Miranda
25%
OesteSenador Camará
25%
NorteVicente de Carvalho
25%
NorteBrás de Pina
24%
NorteCosta Barros
24%
OesteGardênia Azul
24%
NortePortuguesa
24%
OesteRio das Pedras
24%
NorteCocotá
22%
NorteCordovil
22%
NorteSão Francisco Xavier
22%
NorteTodos os Santos
22%
OesteGrumari
21%
NorteTomás Coelho
21%
NorteÁgua Santa
20%
OesteFreguesia de Jacarepaguá
20%
NorteQuintino Bocaiúva
20%
NorteSampaio
20%
OesteSenador Vasconcelos
20%
NorteVila Kosmos
20%
NorteVista Alegre
20%
OesteInhoaíba
19%
NorteBarros Filho
18%
OesteMagalhães Bastos
18%
NorteZumbi
18%
NorteBancários
17%
NorteEncantado
17%
NorteCacuia
16%
OesteCamorim
16%
NorteCavalcanti
16%
NorteEngenheiro Leal
16%
NorteJardim Carioca
16%
NorteRicardo de Albuquerque
16%
NorteTuriaçu
16%
NorteMoneró
15%
NorteParque Anchieta
15%
NortePraia da Bandeira
15%
OesteGericinó
14%
OesteCampo dos Afonsos
13%
OesteJabour
13%
NorteParque Colúmbia
13%
NorteRibeira
13%
NorteTauá
13%
NortePitangueiras
11%

Distribuição das Pontuações

Percentil de Números Respondidos

Porcentagem de Pessoas com Cada Pontuação

Sua Pontuação Histórica

Você não jogou esse quiz desde o último reset